00509nam a2200145Ia 4500008004100000082001700041100001500058245003800073260002700111630001800138650006400156942000900220952011500229999001900344211122s9999||||xx |||||||||||||| ||und|| a572.8bBRO-E aBrown, T A 0aEssentials Molecular Biology Ed.2 bOxfordaNew Yorkc2000 xGeneral Stack asciencevnatural sciences and mathematicsbiochemistryBotany cBOOK 00104070aSBCLbSBCLc2d2021-11-22g250.00l0o572.8 BRO-Ep00113421r2021-11-22 00:00:00w2021-11-22yBOOK c131176d131176